La educación ambiental no formal en América Latina
Saved in:
| Institution som forfatter: | |
|---|---|
| Format: | Bog |
| Sprog: | spansk |
| Udgivet: |
Santiago
Unesco
1991
|
| Fag: | |
| Tags: |
Tilføj Tag
Ingen Tags, Vær først til at tagge denne postø!
|
MARC
| LEADER | 00000nam a2200000 a 4500 | ||
|---|---|---|---|
| 001 | UCW6233 | ||
| 003 | CL-VaPUC | ||
| 008 | 911112e19910000CL |||||||||||||||||spa|d | ||
| 082 | 0 | 4 | |a 304.28 |b UNE |2 21 |
| 110 | 2 | |a UNESCO |e author |9 311266 | |
| 245 | 1 | 3 | |a La educación ambiental no formal en América Latina |
| 300 | |a 118 p | ||
| 942 | |c BK | ||
| 945 | |d 19911112 00:00:00 | ||
| 260 | |a Santiago |b Unesco |c 1991 | ||
| 500 | |a Informe final de consultas técnicas de Jimenoa, República Dominicana, 5-10 de noviembre y Montevideo, Uruguay 6-8 de diciembre 1989 | ||
| 650 | 0 | |a Educación ambiental |9 262920 | |
| 650 | 7 | |a ECOLOGIA HUMANA ENSEÑANZA |2 CL-VaPUC |9 311267 | |
| 651 | 0 | |a América Latina |9 255027 | |
| 583 | |a last modification |c 19911112 00:00:00 |k Rodrigo Vera | ||
| 999 | |c 219376 |d 219374 | ||
| 952 | |0 0 |1 0 |4 0 |6 304_280000000000000_UNE_1991 |7 0 |8 A |9 210254 |a BIBEDU |b BIBEDU |d 2019-11-15 |i 278310K |o 304.28 UNE 1991 |p 278310K |r 2019-11-15 |w 2019-11-15 |y BK |k EDU | ||